000 00680nam a2200253Ia 4500
008 160216s9999 xx 000 0 und d
020 _a0-534-58540-X
050 _aMAIN T 14.5
050 _b.W56 2003
100 _aWinston, Morton
245 _aSociety, ethics, and technology /
245 _cMorton Winston, Ralph Edelbach.
250 _a2nd Edition
260 _aBelmont, CA :
260 _bThomson Wadswoth.
260 _c2003
300 _a343 pages :
300 _c24 cm.
500 _aIncludes bibliographical references.
650 _aTechnology --
650 _aTechnology --
650 _xMoral and ethical aspects.
650 _xSocial aspects.
999 _c290852
_d290852